000 01549cam a2200397 a 4500
001 4030
003 FISKH
005 20250422123734.0
008 061113s1994 nyuag j 000 0deng d
010 _a 2006286014
020 _a059042582X (pbk.)
020 _a9780590425827
035 _a(OCoLC)ocm49030352
035 _a(OCoLC)49030352
040 _aDPB
_cDPB
_dOCLCQ
_dBAKER
_dDLC
_beng
042 _alccopycat
043 _an-us---
050 0 0 _aE185.61
_b.L5185 1994
082 0 4 _a323.119
_221
100 1 _aLevine, Ellen.
245 1 0 _aIf you lived at the time of Martin Luther King /
_cby Ellen Levine ; illustrated by Anna Rich.
260 _aNew York :
_bScholastic,
_c1994
300 _a80 pages :
_bcolor illustrations ;
_c20 ​×​ 23 cm
520 _aAnswers many questions about Martin Luther King, Jr. and the civil rights movement of the 1950s and 1960s.
600 1 0 _aKing, Martin Luther,
_cJr.,
_d1929-1968
_vJuvenile literature.
600 1 1 _aKing, Martin Luther,
_cJr.,
_d1929-1968.
650 0 _aAfrican Americans
_xCivil rights
_xHistory
_y20th century
_vJuvenile literature.
650 0 _aCivil rights movements
_zUnited States
_xHistory
_y20th century
_vJuvenile literature.
650 1 _aAfrican Americans
_xCivil rights.
651 0 _aUnited States
_xRace relations
_xHistory
_y20th century
_vJuvenile literature.
651 1 _aUnited States
_xRace relations
_xHistory.
700 1 _aRich, Anna,
_d1956-
_eillustrator
906 _a7
_bcbc
_ccopycat
_d2
_encip
_f20
_gy-gencatlg
942 _2ddc
_cBK
_n0
999 _c4030
_d4030